| 000 | 01391nam a2200229 a 4500 | ||
|---|---|---|---|
| 999 |
_c734 _d734 |
||
| 003 | AR-BaISA | ||
| 005 | 20200305141339.0 | ||
| 007 | ta | ||
| 008 | 200305s2019 ag ||||| |||| 00| 0 spa d | ||
| 020 | _a9789873679377 | ||
| 040 | _cAR-BaISA | ||
| 082 | 0 | 4 |
_222 _a379.26 V712 |
| 100 | 1 |
_91758 _aVillanueva, Ernesto _eaut. |
|
| 245 | 1 | 0 |
_aUniversidad y nación: _basignaturas pendientes / _cErnesto Villanueva |
| 260 |
_aFlorencio Varela: _bEditorial UNAJ, _c2019 |
||
| 300 | _a289 p. | ||
| 505 |
_tLa universidad en Argentina -- _tNuevas universidades, ampliación, territorialización y desafíos -- _tInvestigación, tecnología, dependencia y planificación -- _tUna nueva política universitaria: presupuesto, inclusión, calidad y territorialización -- _tCultura y Nación en América y Argentina. Abordaje de la vida y obra de algunos pensadores nacionales más influyentes en la cuestión cultural y universitaria -- _tLos desafíos de la Educación Superior en América Latina -- _tPerspectivas en las políticas de internacionalización -- _tReflexiones en torno a la acreditación en la Argentina y en el mundo -- _tPosgrados. Crítica a la organización actual de la oferta de posgrados en nuestro país -- |
||
| 650 | 1 | 4 |
_91143 _aGestión educacional |
| 650 | 1 | 4 |
_91135 _aInclusión escolar |
| 651 | 1 | 4 |
_93 _aArgentina _veducación superior _xpolíticas públicas |
| 942 |
_2ddc _cLI |
||